[Event "Aberto Brasil - II Niterói Chess Open "]
[Site "Salão de Convenções do Hot"]
[Date "2022.09.06"]
[Round "8.26"]
[White "Dos Santos, Gilvan Nobrega"]
[Black "Dias, Simao Poscidonio"]
[Result "0-1"]
[WhiteElo "1914"]
[BlackElo "2060"]
[PlyCount "84"]
[EventDate "2022.09.01"]
[EventRounds "9"]
[EventCountry "BRA"]

1. d4 d5 2. c4 e6 3. Nc3 Be7 4. cxd5 exd5 5. Bf4 c6 6. e3 Nf6 7. Bd3 O-O 8. h3
Re8 9. Nf3 Nbd7 10. O-O Nf8 11. Ne5 Ne6 12. Bg3 g6 13. Bh4 Ng7 14. Rc1 Nf5 15.
Bg5 Nd6 16. Qf3 Be6 17. Qe2 Bf5 18. Bxf5 Nxf5 19. Bxf6 Bxf6 20. f4 Ng3 21. Qg4
Nxf1 22. Rxf1 Bg7 23. Nd1 f6 24. Nd3 f5 25. Qf3 Qe7 26. Ne5 Red8 27. Nf2 c5 28.
Nfd3 c4 29. Ne1 Qb4 30. g4 Rf8 31. Ng2 Qxb2 32. gxf5 Bxe5 33. dxe5 gxf5 34. Nh4
Kh8 35. Qh5 Rg8+ 36. Kh1 Rg3 37. Qxf5 Qb6 38. Rb1 Qh6 39. Rxb7 Qxh4 40. Kh2
Rag8 41. Rb2 Rxe3 42. Rg2 Rxg2+ 0-1

[Event "Aberto Brasil - II Niterói Chess Open "]
[Site "Salão de Convenções do Hot"]
[Date "2022.09.06"]
[Round "8.27"]
[White "Medeiros, Thauane Ferreira"]
[Black "Boff, Lucas Strauss"]
[Result "1-0"]
[WhiteElo "1905"]
[BlackElo "2043"]
[PlyCount "73"]
[EventDate "2022.09.01"]
[EventRounds "9"]
[EventCountry "BRA"]

1. d4 g6 2. Bf4 Nf6 3. e3 Bg7 4. Nf3 O-O 5. h3 c5 6. c3 b6 7. Nbd2 Bb7 8. Be2
d6 9. O-O Nbd7 10. Bh2 Qc7 11. a4 a6 12. Qb3 Bc6 13. Rfe1 Qb7 14. Nc4 Ne4 15.
Bf1 Bd5 16. Qd1 b5 17. Na5 Qb6 18. dxc5 Qxa5 19. Qxd5 Ndf6 20. Qd1 dxc5 21.
axb5 Qb6 22. Rxa6 Rxa6 23. bxa6 Qxb2 24. Qe2 Qxc3 25. Qb5 Nd6 26. Bxd6 exd6 27.
Qb7 Qb4 28. Rb1 Qxb7 29. Rxb7 Ra8 30. a7 Bf8 31. Bb5 c4 32. Bxc4 d5 33. Bb5 Kg7
34. Ne5 Bd6 35. Rxf7+ Kg8 36. Rxf6 Bxe5 37. Ra6 1-0

[Event "Aberto Brasil - II Niterói Chess Open "]
[Site "Salão de Convenções do Hot"]
[Date "2022.09.06"]
[Round "8.28"]
[White "Lopes, Artur Farias"]
[Black "Nunes, Agatha Hurba"]
[Result "1/2-1/2"]
[WhiteElo "2037"]
[BlackElo "1777"]
[PlyCount "202"]
[EventDate "2022.09.01"]
[EventRounds "9"]
[EventCountry "BRA"]

1. Nf3 d5 2. d4 e6 3. c4 Nf6 4. e3 Be7 5. Nc3 O-O 6. a3 b6 7. Bd3 Ba6 8. b3 c5
9. cxd5 Bxd3 10. Qxd3 Nxd5 11. Nxd5 Qxd5 12. e4 Qh5 13. dxc5 Rd8 14. Qe2 Nc6
15. cxb6 Qa5+ 16. Bd2 Qxb6 17. b4 Nd4 18. Nxd4 Qxd4 19. Ra2 Rac8 20. O-O Rc4
21. Be3 Qxe4 22. Bxa7 Qxe2 23. Rxe2 Ra8 24. Be3 Rxa3 25. b5 Rb3 26. b6 f5 27.
g3 Bd8 28. Rd1 Bxb6 29. Bf4 Rd4 30. Rc1 Rdb4 31. Rcc2 Kf7 32. Kg2 Bd8 33. Red2
Bf6 34. Rd7+ Kg6 35. Rc6 Re4 36. h4 Bxh4 37. f3 Re2+ 38. Kf1 Ra2 39. Rxe6+ Bf6
40. Re3 Rb1+ 41. Re1 Rbb2 42. Be3 Rh2 43. Rd6 h5 44. Red1 h4 45. gxh4 Kh7 46.
Bg1 Rh3 47. R1d3 Bxh4 48. Rd7 Rh1 49. Rd2 Ra1+ 50. Rd1 Ra2 51. R1d2 Rxd2 52.
Rxd2 Bg5 53. Rd7 Rh6 54. Bc5 Bf6 55. Kg2 f4 56. Bd6 Rh4 57. Bb4 Kg6 58. Bf8 Kh7
59. Rb7 Rh5 60. Rb4 Rg5+ 61. Kf2 Rf5 62. Bd6 Bh4+ 63. Ke2 Bg3 64. Rb7 Kg6 65.
Bb4 Rf7 66. Rb8 Rd7 67. Rb5 Ra7 68. Kd3 Ra2 69. Bd2 Ra3+ 70. Ke2 Kf7 71. Rb7+
Kg8 72. Rc7 Ra8 73. Bc3 Re8+ 74. Kf1 Re3 75. Kg2 g5 76. Bf6 Re2+ 77. Kh3 Re3
78. Kg4 Bh4 79. Kf5 Kf8 80. Kg6 Ke8 81. Kf5 Rxf3 82. Ke6 Re3+ 83. Be5 Rxe5+ 84.
Kxe5 f3 85. Kf5 f2 86. Rc1 Ke7 87. Kg4 Kf6 88. Rc8 Ke5 89. Rf8 Ke4 90. Rf3 Ke5
91. Kh3 Ke4 92. Kg2 Ke5 93. Kf1 Ke4 94. Ke2 Ke5 95. Rf8 Ke4 96. Kf1 Ke3 97. Rg8
Ke4 98. Ke2 Kd4 99. Re8 Kd5 100. Ra8 Ke4 101. Ra4+ Ke5 1/2-1/2

[Event "Aberto Brasil - II Niterói Chess Open "]
[Site "Salão de Convenções do Hot"]
[Date "2022.09.06"]
[Round "8.29"]
[White "Souza, Ramon Santana De"]
[Black "Araujo, Renan Aparecido"]
[Result "1/2-1/2"]
[WhiteElo "1876"]
[BlackElo "2031"]
[PlyCount "20"]
[EventDate "2022.09.01"]
[EventRounds "9"]
[EventCountry "BRA"]

1. e4 c5 2. Nf3 d6 3. d4 cxd4 4. Nxd4 Nf6 5. Nc3 g6 6. Be3 Bg7 7. f3 O-O 8. Qd2
Nc6 9. O-O-O d5 10. Nxc6 bxc6 1/2-1/2

[Event "Aberto Brasil - II Niterói Chess Open "]
[Site "Salão de Convenções do Hot"]
[Date "2022.09.06"]
[Round "8.30"]
[White "Moyses Sobrinho, Elias"]
[Black "Santos Filho, Tadeu Sousa"]
[Result "1/2-1/2"]
[WhiteElo "1801"]
[BlackElo "2024"]
[PlyCount "149"]
[EventDate "2022.09.01"]
[EventRounds "9"]
[EventCountry "BRA"]

1. d4 d5 2. c4 e6 3. Nc3 Nf6 4. Nf3 a6 5. e3 dxc4 6. Bxc4 b5 7. Bd3 Bb7 8. O-O
Nbd7 9. Qc2 c5 10. Ne4 Rc8 11. Nxf6+ Nxf6 12. Qe2 cxd4 13. exd4 Be7 14. Be3 O-O
15. h3 Qd5 16. a4 bxa4 17. Rxa4 a5 18. Rfa1 Bb4 19. Bd2 Qb3 20. Bxb4 axb4 21.
Qe3 Bd5 22. R4a2 h6 23. Nd2 Rc1+ 24. Rxc1 Qxa2 25. b3 Qa8 26. f3 Qa3 27. Nc4
Qa7 28. Be4 Rd8 29. Bxd5 Nxd5 30. Qf2 Nc3 31. Rc2 Qxd4 32. Qxd4 Rxd4 33. Rd2
Kf8 34. Rxd4 Ne2+ 35. Kf2 Nxd4 36. Nd2 Ke7 37. Ke3 Nc2+ 38. Ke4 Kd6 39. g4 f6
40. f4 Na3 41. h4 Nb5 42. g5 f5+ 43. Kd3 Kc5 44. gxh6 gxh6 45. Nf3 h5 46. Ne5
Nd6 47. Nd7+ Kc6 48. Nf6 Kc5 49. Nxh5 Nf7 50. Ng7 Kd5 51. h5 Nh6 52. Ne8 e5 53.
Nf6+ Ke6 54. fxe5 Kxe5 55. Nd7+ Kf4 56. Kc4 Kg5 57. Kxb4 Kxh5 58. Kc4 Kg4 59.
Kd5 f4 60. Nf6+ Kg5 61. Ne4+ Kg4 62. b4 Nf7 63. b5 f3 64. b6 Nd8 65. Kd6 Kf4
66. Kd7 Kxe4 67. Kxd8 f2 68. b7 f1=Q 69. b8=Q Qf8+ 70. Kc7 Qf4+ 71. Kb7 Qf7+
72. Qc7 Qb3+ 73. Qb6 Qd5+ 74. Qc6 Qxc6+ 75. Kxc6 1/2-1/2

[Event "Aberto Brasil - II Niterói Chess Open "]
[Site "Salão de Convenções do Hot"]
[Date "2022.09.06"]
[Round "8.31"]
[White "Luz, Arthur Nader"]
[Black "Castro Silva, Alex"]
[Result "0-1"]
[WhiteElo "2199"]
[BlackElo "1928"]
[PlyCount "150"]
[EventDate "2022.09.01"]
[EventRounds "9"]
[EventCountry "BRA"]

1. e4 e5 2. Nf3 d6 3. d4 Nf6 4. Nc3 Nbd7 5. Bc4 Be7 6. O-O O-O 7. Re1 c6 8. a4
b6 9. Ba2 Bb7 10. Nh4 Nxe4 11. Nxe4 Bxh4 12. dxe5 dxe5 13. Qg4 Nc5 14. Bh6 Bf6
15. Rad1 Qe7 16. Nd6 Bc8 17. Nxc8 Raxc8 18. b4 Ne6 19. c3 Rcd8 20. h3 Kh8 21.
Be3 Nc7 22. Rxd8 Rxd8 23. Qc4 Qe6 24. Qxe6 Nxe6 25. Bxe6 fxe6 26. c4 Rd3 27. b5
c5 28. a5 Kg8 29. a6 Kf7 30. Kf1 e4 31. Bf4 e5 32. Be3 Ke6 33. Ke2 Ra3 34. Rd1
Ra4 35. Rc1 Ra2+ 36. Kd1 Kf5 37. Rc2 Ra1+ 38. Ke2 h5 39. Rd2 Ke6 40. g3 Be7 41.
Rd1 Ra2+ 42. Kf1 Ra4 43. Rc1 Ra3 44. Rc2 Rd3 45. Ke2 Rb3 46. Bd2 h4 47. Rc3 Rb2
48. Kd1 Rb1+ 49. Kc2 Rh1 50. g4 Rh2 51. Be1 Bg5 52. Kd1 e3 53. fxe3 Rxh3 54.
Ke2 e4 55. Bf2 Rh2 56. Kf1 h3 57. Bg3 Rh1+ 58. Kf2 Rb1 59. Bb8 Bh4+ 60. Ke2
Rb2+ 61. Kf1 h2 62. Bxh2 Rxh2 63. Kg1 Re2 64. Kf1 Rf2+ 65. Kg1 Rf3 66. Kg2 Bg5
67. Rc1 Bxe3 68. Rh1 Bd4 69. Rh8 Rf2+ 70. Kg3 Rf7 71. Re8+ Re7 72. Ra8 e3 73.
Kf3 Rf7+ 74. Ke2 Rf2+ 75. Kd3 Rd2+ 0-1

[Event "Aberto Brasil - II Niterói Chess Open "]
[Site "Salão de Convenções do Hot"]
[Date "2022.09.06"]
[Round "8.32"]
[White "Freitas, Andre Henrique Lemo"]
[Black "Jorge, Denrick Cabral Jose"]
[Result "1-0"]
[WhiteElo "2184"]
[BlackElo "1892"]
[PlyCount "91"]
[EventDate "2022.09.01"]
[EventRounds "9"]
[EventCountry "BRA"]

1. e4 c5 2. Nc3 Nc6 3. Bb5 Nd4 4. Bc4 g6 5. Nge2 Bg7 6. Nxd4 cxd4 7. Qf3 Nf6 8.
Nb5 d5 9. exd5 O-O 10. c3 Bg4 11. Qg3 Rc8 12. d3 dxc3 13. Nxc3 a6 14. a4 Bf5
15. O-O Nd7 16. d6 Nb6 17. dxe7 Qxe7 18. Nd5 Nxd5 19. Bxd5 Qd7 20. Be4 Rc2 21.
Bf4 Bxb2 22. Rab1 Bxe4 23. dxe4 Qxa4 24. Bh6 Re8 25. Rxb2 Rxb2 26. Qc3 f6 27.
Qxf6 Qd7 28. Qxb2 Rxe4 29. Rc1 b5 30. Rc8+ Kf7 31. Rf8+ Ke6 32. Qf6+ Kd5 33. h3
Kc4 34. Rd8 Qe6 35. Qf3 Rd4 36. Rxd4+ Kxd4 37. Be3+ Kc4 38. Qe2+ Kb3 39. Qd1+
Ka3 40. Bc5+ Kb2 41. Bd4+ Ka3 42. Qc1+ Ka4 43. Qa1+ Kb4 44. Qc3+ Ka4 45. Bc5
Qb3 46. Qa1+ 1-0

[Event "Aberto Brasil - II Niterói Chess Open "]
[Site "Salão de Convenções do Hot"]
[Date "2022.09.06"]
[Round "8.33"]
[White "Baptista, Andre Kemper"]
[Black "Federzoni, Enzo"]
[Result "0-1"]
[WhiteElo "1900"]
[BlackElo "2158"]
[PlyCount "64"]
[EventDate "2022.09.01"]
[EventRounds "9"]
[EventCountry "BRA"]

1. e4 c6 2. c4 d5 3. exd5 cxd5 4. cxd5 Nf6 5. Qa4+ Bd7 6. Qb3 e6 7. dxe6 Bxe6
8. Bc4 Bxc4 9. Qxc4 Nc6 10. Nf3 Qe7+ 11. Qe2 Nb4 12. Qxe7+ Bxe7 13. Kd1 Nd3 14.
Ke2 O-O-O 15. Nc3 Rhe8 16. Nd1 Bc5+ 17. Ne3 Ne4 18. g3 f5 19. b4 Bxb4 20. Rb1
g5 21. Kf1 f4 22. Nc2 Bc5 23. g4 Nexf2 24. Rg1 Nxc1 25. Rxc1 Nd3 26. Kg2 Bxg1
27. Rxg1 Re2+ 28. Kh1 Nf2+ 29. Kg2 Ne4+ 30. Kh3 Rd3 31. Ncd4 Rexd2 32. Rc1+ Kd7
0-1

[Event "Aberto Brasil - II Niterói Chess Open "]
[Site "Salão de Convenções do Hot"]
[Date "2022.09.06"]
[Round "8.34"]
[White "Campos, Alexandre Ferreira"]
[Black "De Freitas, Isabella Ribeiro Co"]
[Result "1-0"]
[WhiteElo "2042"]
[BlackElo "1888"]
[PlyCount "77"]
[EventDate "2022.09.01"]
[EventRounds "9"]
[EventCountry "BRA"]

1. d4 d5 2. c4 dxc4 3. e3 e5 4. dxe5 Qxd1+ 5. Kxd1 Nc6 6. f4 Be6 7. Bd2 O-O-O
8. Nc3 Nh6 9. Ke2 Bf5 10. Nf3 Bd3+ 11. Kf2 Nb4 12. a3 Nc2 13. Bxd3 cxd3 14. h3
Nxa1 15. Rxa1 Nf5 16. g4 Ne7 17. Ng5 Nd5 18. Nxf7 Bb4 19. Nxd5 Bxd2 20. Ne7+
Kd7 21. Nf5 g6 22. Rd1 Ke6 23. Nxd8+ Rxd8 24. Nd4+ Rxd4 25. exd4 Bxf4 26. Kf3
g5 27. Rxd3 Kd5 28. Rd1 c6 29. Re1 Ke6 30. Ke4 a5 31. Rf1 b6 32. h4 h6 33. hxg5
Bxg5 34. Rf8 b5 35. Rg8 Bd2 36. Rg6+ Kd7 37. Kf5 Be3 38. Rg7+ Kd8 39. Ke6 1-0

[Event "Aberto Brasil - II Niterói Chess Open "]
[Site "Salão de Convenções do Hot"]
[Date "2022.09.06"]
[Round "8.35"]
[White "Da Matta, Eduardo Cesar"]
[Black "Martins de Aguiar, Marina"]
[Result "1-0"]
[WhiteElo "2038"]
[BlackElo "1874"]
[PlyCount "97"]
[EventDate "2022.09.01"]
[EventRounds "9"]
[EventCountry "BRA"]

1. d4 Nf6 2. c4 g6 3. Nc3 Bg7 4. e4 d6 5. Be2 O-O 6. Nf3 e5 7. d5 a5 8. Bg5 Na6
9. Nd2 h6 10. Be3 Bd7 11. a3 Qe8 12. b3 Nh7 13. Rb1 f5 14. f3 Qe7 15. b4 axb4
16. axb4 Nf6 17. exf5 gxf5 18. O-O Kh8 19. Re1 Rg8 20. Bf1 Bf8 21. Kh1 Qg7 22.
f4 Ng4 23. Bg1 exf4 24. Nf3 Ne3 25. Qd3 Be7 26. Ne2 Bf6 27. Nxf4 Nxf1 28. Qxf1
Qg4 29. Nd4 Be5 30. Nde6 Rac8 31. Rb3 Bxe6 32. Nxe6 Nb8 33. Rf3 f4 34. Bd4 Nd7
35. Rxf4 Qg6 36. Bxe5+ Nxe5 37. Rf6 Qh5 38. Re3 Ng4 39. Rh3 Qxh3 40. gxh3 Nxf6
41. Qxf6+ Kh7 42. Qf7+ Kh8 43. Nf4 Rg7 44. Ng6+ Kh7 45. Nf8+ Kh8 46. Qf6 Rxf8
47. Qxf8+ Kh7 48. c5 dxc5 49. bxc5 1-0

[Event "Aberto Brasil - II Niterói Chess Open "]
[Site "Salão de Convenções do Hot"]
[Date "2022.09.06"]
[Round "8.36"]
[White "Marcolino, Daniel Mattos"]
[Black "Cruz, Natan Gomes"]
[Result "1/2-1/2"]
[WhiteElo "2030"]
[BlackElo "1881"]
[PlyCount "31"]
[EventDate "2022.09.01"]
[EventRounds "9"]
[EventCountry "BRA"]

1. Nf3 Nf6 2. g3 d5 3. Bg2 Bf5 4. O-O e6 5. c4 c6 6. Qb3 Qb6 7. d3 Nbd7 8. Qc2
Be7 9. Nh4 Bg6 10. Nxg6 hxg6 11. cxd5 cxd5 12. e4 dxe4 13. dxe4 Bc5 14. Qe2 Ne5
15. Nc3 Bd4 16. h3 {(=)} 1/2-1/2

[Event "Aberto Brasil - II Niterói Chess Open "]
[Site "Salão de Convenções do Hot"]
[Date "2022.09.06"]
[Round "8.37"]
[White "Urquiza, Marcello De Albuque"]
[Black "Boabaid, Jorge Alberto Duard"]
[Result "1-0"]
[WhiteElo "2031"]
[BlackElo "1780"]
[PlyCount "81"]
[EventDate "2022.09.01"]
[EventRounds "9"]
[EventCountry "BRA"]

1. e4 e5 2. Nf3 Nc6 3. Bb5 Nf6 4. O-O d6 5. Re1 Be7 6. c3 O-O 7. h3 Bd7 8. Qe2
a6 9. Ba4 b5 10. Bc2 Re8 11. d3 h6 12. Nbd2 Bf8 13. Nf1 g6 14. Ng3 Bg7 15. Be3
d5 16. Red1 Qc8 17. Rac1 Be6 18. Bb1 Qb7 19. Qd2 dxe4 20. Nxe4 Nxe4 21. dxe4
Rad8 22. Qe1 Kh7 23. Rxd8 Rxd8 24. Rd1 Qc8 25. Rd2 Rxd2 26. Qxd2 Qd7 27. Qxd7
Bxd7 28. Nd2 Na5 29. b4 Nb7 30. Bc2 Bf8 31. Bb3 Kg7 32. Kf1 c5 33. Bd5 Nd8 34.
bxc5 Ne6 35. Nb3 Kf6 36. Bb7 Nc7 37. Ke2 Be6 38. f4 Bc4+ 39. Kf3 h5 40. fxe5+
Ke7 41. Bg5+ 1-0

[Event "Aberto Brasil - II Niterói Chess Open "]
[Site "Salão de Convenções do Hot"]
[Date "2022.09.06"]
[Round "8.38"]
[White "Montanu, Dan-Vladimir"]
[Black "Gomes, Pedro Pessoa"]
[Result "1/2-1/2"]
[WhiteElo "1894"]
[BlackElo "2004"]
[PlyCount "65"]
[EventDate "2022.09.01"]
[EventRounds "9"]
[EventCountry "BRA"]

1. d4 Nf6 2. c4 e6 3. Nc3 Bb4 4. f3 d5 5. e3 c5 6. a3 Ba5 7. cxd5 Nxd5 8. Bd2
cxd4 9. Nxd5 Bxd2+ 10. Qxd2 Qxd5 11. Qxd4 Qxd4 12. exd4 Nd7 13. Bd3 Nf6 14. Be4
O-O 15. Rc1 Rd8 16. Ne2 Bd7 17. Nc3 Rac8 18. Kf2 Bc6 19. Rcd1 Rd6 20. Rd2 Rcd8
21. Rhd1 Bd5 22. Bxd5 Nxd5 23. Nxd5 Rxd5 24. Rc1 Kf8 25. Rc7 R8d7 26. Rxd7 Rxd7
27. Ke3 Rc7 28. d5 exd5 29. Rxd5 Rc2 30. Rd2 Rxd2 31. Kxd2 Ke7 32. Ke3 Ke6 33.
Ke4 1/2-1/2

[Event "Aberto Brasil - II Niterói Chess Open "]
[Site "Salão de Convenções do Hot"]
[Date "2022.09.06"]
[Round "8.39"]
[White "Lima, Vinicius Taishun"]
[Black "Feller, Gabriela Luisa Vice"]
[Result "1/2-1/2"]
[WhiteElo "2002"]
[BlackElo "1869"]
[PlyCount "123"]
[EventDate "2022.09.01"]
[EventRounds "9"]
[EventCountry "BRA"]

1. e4 c6 2. d4 d5 3. e5 Bf5 4. c4 h5 5. Nc3 e6 6. a3 Ne7 7. c5 a5 8. Be3 Nd7 9.
Be2 Bg6 10. Nh3 Nf5 11. O-O Be7 12. Qd2 Nxc5 13. dxc5 d4 14. Bf4 dxc3 15. Qxc3
Qd4 16. Rac1 O-O 17. Qb3 Qd7 18. Rfd1 Qc7 19. Qc3 Rfd8 20. Ng5 Bxg5 21. Bxg5
Rd5 22. Bf3 Rxd1+ 23. Rxd1 a4 24. h3 Kf8 25. g4 hxg4 26. hxg4 Ne7 27. Bxe7+
Kxe7 28. Rd6 Qa5 29. Qd4 Rd8 30. Rxd8 Qxd8 31. Qxd8+ Kxd8 32. Bd1 Be4 33. f3
Bd5 34. Kf2 f6 35. exf6 gxf6 36. Bxa4 e5 37. Bc2 Ke7 38. Ke3 Bc4 39. Bf5 Bb3
40. Bc8 Bc4 41. f4 exf4+ 42. Kxf4 Kd8 43. Bf5 Kc7 44. Ke3 b6 45. cxb6+ Kxb6 46.
Kd4 Bd5 47. b4 Kb5 48. Be4 Be6 49. Bf3 Ka4 50. Kc5 Kxa3 51. Bd1 Bc8 52. Kc4
Be6+ 53. Kc5 Bc8 54. Kc4 Be6+ 55. Kc3 Bd7 56. Bf3 Be6 57. Bxc6 Bxg4 58. b5 Bc8
59. Kc4 Ka4 60. b6+ Ka5 61. Kc5 Ka6 62. Bd5 1/2-1/2

[Event "Aberto Brasil - II Niterói Chess Open "]
[Site "Salão de Convenções do Hot"]
[Date "2022.09.06"]
[Round "8.40"]
[White "Ramos, Angelo Bil"]
[Black "Pereira, Rodrigo Ferreira"]
[Result "0-1"]
[WhiteElo "2003"]
[BlackElo "1568"]
[PlyCount "96"]
[EventDate "2022.09.01"]
[EventRounds "9"]
[EventCountry "BRA"]

1. d4 Nf6 2. c4 g6 3. Nc3 Bg7 4. e4 d6 5. Be2 O-O 6. Bg5 Nbd7 7. Qd2 a5 8. Rd1
e5 9. Nf3 Qe8 10. dxe5 dxe5 11. O-O Nc5 12. Qe3 b6 13. h3 Bb7 14. Nd2 Ne6 15.
Rfe1 Nd4 16. Bd3 Rd8 17. Nd5 Nxd5 18. cxd5 f6 19. Bh4 c6 20. dxc6 Bxc6 21. Rc1
Bb5 22. Nc4 Qe6 23. Red1 Rf7 24. b3 Bf8 25. Kh1 Bc5 26. Qe1 Rfd7 27. Bf1 Bb4
28. Qe3 Bc5 29. f4 exf4 30. Qxf4 g5 31. Bxg5 fxg5 32. Qxg5+ Qg6 33. Qxg6+ hxg6
34. Ne5 Rd6 35. Bxb5 Nxb5 36. Rxd6 Rxd6 37. Nc4 Re6 38. Nxa5 Rxe4 39. Nb7 Bf2
40. g4 Re2 41. a4 Nd4 42. b4 Be1 43. Rc8+ Kg7 44. Rc7+ Kf6 45. Nd8 Kg5 46. Rf7
Kh4 47. Rf4 Bf2 48. g5+ Kxh3 0-1

[Event "Aberto Brasil - II Niterói Chess Open "]
[Site "Salão de Convenções do Hot"]
[Date "2022.09.06"]
[Round "8.41"]
[White "Dias, Matheus Braga"]
[Black "Okamura, Milton Kasuo"]
[Result "1/2-1/2"]
[WhiteElo "1877"]
[BlackElo "1960"]
[PlyCount "82"]
[EventDate "2022.09.01"]
[EventRounds "9"]
[EventCountry "BRA"]

1. e4 e5 2. Bc4 Nf6 3. d3 Bc5 4. Nc3 h6 5. f4 d6 6. Nf3 Nc6 7. Na4 Bb6 8. Nxb6
axb6 9. O-O O-O 10. h3 Na5 11. fxe5 dxe5 12. b3 Nxc4 13. bxc4 Nh7 14. Be3 Qe7
15. Qe1 Bd7 16. Qg3 f6 17. Bxh6 Ra6 18. Nh4 Rf7 19. Be3 Nf8 20. Rf2 Qd6 21. Ng6
Nxg6 22. Qxg6 Rf8 23. h4 Qe6 24. Rf5 Qf7 25. Qxf7+ Kxf7 26. Rf2 Rfa8 27. h5
Rxa2 28. Raf1 Ra1 29. h6 Rxf1+ 30. Kxf1 gxh6 31. Bxh6 Kg6 32. Be3 Ra1+ 33. Ke2
Bg4+ 34. Kd2 Rb1 35. d4 Kg7 36. d5 Bh5 37. c5 Rd1+ 38. Kc3 bxc5 39. Bxc5 Kf7
40. Be3 Kg7 41. Bc5 Kf7 1/2-1/2

[Event "Aberto Brasil - II Niterói Chess Open "]
[Site "Salão de Convenções do Hot"]
[Date "2022.09.06"]
[Round "8.42"]
[White "Morais, Wagner Soares De"]
[Black "Das Chagas, David Ferreira"]
[Result "1/2-1/2"]
[WhiteElo "1845"]
[BlackElo "1989"]
[PlyCount "43"]
[EventDate "2022.09.01"]
[EventRounds "9"]
[EventCountry "BRA"]

1. d4 Nf6 2. Bf4 d6 3. Nc3 g6 4. e4 Bg7 5. Qd2 O-O 6. O-O-O Nc6 7. Bh6 e5 8. d5
Nb8 9. h4 Bxh6 10. Qxh6 Ng4 11. Qd2 f5 12. f3 Nf6 13. Bd3 f4 14. Nge2 Nh5 15.
Nb1 Nd7 16. c4 a5 17. Nbc3 Nc5 18. Kb1 Bd7 19. Nc1 Ra6 20. N1e2 Qb8 21. Ka1 a4
22. Rhg1 1/2-1/2

[Event "Aberto Brasil - II Niterói Chess Open "]
[Site "Salão de Convenções do Hot"]
[Date "2022.09.06"]
[Round "8.43"]
[White "Marcondes, Igor Dalcol"]
[Black "Cantarino Neto, Mario Ribeiro"]
[Result "1-0"]
[WhiteElo "1783"]
[BlackElo "1973"]
[PlyCount "95"]
[EventDate "2022.09.01"]
[EventRounds "9"]
[EventCountry "BRA"]

1. e4 e5 2. Nf3 Nc6 3. Bc4 Nf6 4. Ng5 d5 5. exd5 Nd4 6. c3 b5 7. Bf1 Nxd5 8.
cxd4 Qxg5 9. Bxb5+ Kd8 10. O-O Bb7 11. Qf3 Rb8 12. dxe5 Nb4 13. d4 Bxf3 14.
Bxg5+ Be7 15. Bxe7+ Kxe7 16. gxf3 Rxb5 17. Nc3 Rb6 18. a3 Rg6+ 19. Kh1 Nd3 20.
Nd5+ Kd7 21. b4 c6 22. Ne3 f6 23. Rad1 Nf4 24. Rg1 fxe5 25. Rxg6 Nxg6 26. dxe5+
Kc7 27. e6 Nf8 28. e7 Ne6 29. Nf5 Re8 30. Re1 g6 31. Rxe6 gxf5 32. Kg2 Kd7 33.
Re2 Rxe7 34. Rxe7+ Kxe7 35. Kg3 Ke6 36. Kf4 Kf6 37. h4 h6 38. Ke3 Ke5 39. f4+
Kd5 40. Kd3 h5 41. f3 a6 42. Kc3 c5 43. Kd3 Kd6 44. Kc4 cxb4 45. Kxb4 Kc6 46.
Kc4 Kd6 47. Kd4 a5 48. a4 1-0

[Event "Aberto Brasil - II Niterói Chess Open "]
[Site "Salão de Convenções do Hot"]
[Date "2022.09.06"]
[Round "8.44"]
[White "Nobre, Jailson Altair Barb"]
[Black "Tamarozi, Isabelle"]
[Result "0-1"]
[WhiteElo "1648"]
[BlackElo "1965"]
[PlyCount "104"]
[EventDate "2022.09.01"]
[EventRounds "9"]
[EventCountry "BRA"]

1. Nf3 Nf6 2. c4 g6 3. b4 Bg7 4. Bb2 O-O 5. g3 Nc6 6. b5 Na5 7. d3 a6 8. Bg2 d5
9. Nbd2 c6 10. bxa6 Rxa6 11. c5 b6 12. Qc2 bxc5 13. Qxc5 Bf5 14. O-O Nd7 15.
Qc2 e5 16. e4 Be6 17. Nb3 Qb6 18. Ba3 Nxb3 19. axb3 Rfa8 20. Bb2 dxe4 21. dxe4
Qxb3 22. Qxb3 Bxb3 23. Rxa6 Rxa6 24. Bh3 Nc5 25. Bxe5 Bxe5 26. Nxe5 Nxe4 27.
Re1 Bd5 28. Bg2 f5 29. Rc1 Kg7 30. Nd3 Ra2 31. Bxe4 Bxe4 32. Nb4 Ra8 33. Kf1
Rb8 34. Nc2 c5 35. Ne3 c4 36. Ke1 Bd3 37. Nd5 Re8+ 38. Ne3 g5 39. Kd2 f4 40.
gxf4 gxf4 41. Nxc4 Rd8 42. Ne5 Bf5+ 43. Kc3 Kf6 44. Nc6 Rd3+ 45. Kb4 Rd2 46. h4
Rxf2 47. Nd4 Be4 48. Rc5 f3 49. Kc3 Rh2 50. Nxf3 Bxf3 51. Rc4 Kf5 52. Rc7 Rxh4
0-1

[Event "Aberto Brasil - II Niterói Chess Open "]
[Site "Salão de Convenções do Hot"]
[Date "2022.09.06"]
[Round "8.45"]
[White "Baeta, Marcio Netto"]
[Black "Marcolino, Antonio Claudio H."]
[Result "1/2-1/2"]
[WhiteElo "1799"]
[BlackElo "1996"]
[PlyCount "45"]
[EventDate "2022.09.01"]
[EventRounds "9"]
[EventCountry "BRA"]

1. d4 d5 2. c4 e6 3. Nc3 a6 4. e4 dxe4 5. Nxe4 Bb4+ 6. Nc3 c5 7. a3 Bxc3+ 8.
bxc3 Nf6 9. Nf3 O-O 10. Bd3 Nc6 11. O-O Qc7 12. Bg5 b6 13. Qe2 Bb7 14. d5 exd5
15. Bxf6 gxf6 16. cxd5 Ne7 17. c4 Rae8 18. Qd2 Ng6 19. Rfe1 Qd6 20. a4 Bc8 21.
Re3 Rxe3 22. Qxe3 Kg7 23. Bc2 1/2-1/2

[Event "Aberto Brasil - II Niterói Chess Open "]
[Site "Salão de Convenções do Hot"]
[Date "2022.09.06"]
[Round "8.46"]
[White "Carneiro, Luis Guilherme Rosa"]
[Black "Ferreira, Marcone Fiuza"]
[Result "0-1"]
[WhiteElo "1789"]
[BlackElo "1991"]
[PlyCount "60"]
[EventDate "2022.09.01"]
[EventRounds "9"]
[EventCountry "BRA"]

1. e4 c5 2. Nf3 a6 3. d4 cxd4 4. Nxd4 Nf6 5. Nc3 e5 6. Nf3 Bb4 7. Bd2 O-O 8. a3
Bxc3 9. Bxc3 Nxe4 10. Bb4 Re8 11. Bc4 a5 12. Bd6 Nxd6 13. Qxd6 Qe7 14. O-O-O
Qxd6 15. Rxd6 Kf8 16. Re1 Nc6 17. Ng5 f6 18. Ne4 Rb8 19. Red1 b5 20. Bf1 Nd4
21. c3 Nf5 22. R6d3 d5 23. Rxd5 Bb7 24. Nd6 Bxd5 25. Nxe8 Bb3 26. Nc7 Bxd1 27.
Kxd1 b4 28. cxb4 axb4 29. a4 Rd8+ 30. Kc2 Rc8 0-1

[Event "Aberto Brasil - II Niterói Chess Open "]
[Site "Salão de Convenções do Hot"]
[Date "2022.09.06"]
[Round "8.47"]
[White "Melo, Igor De Souza"]
[Black "Silva, Luiz Renato Marini"]
[Result "0-1"]
[WhiteElo "1741"]
[BlackElo "1965"]
[PlyCount "136"]
[EventDate "2022.09.01"]
[EventRounds "9"]
[EventCountry "BRA"]

1. e4 e6 2. d4 c5 3. d5 exd5 4. exd5 d6 5. Nf3 Be7 6. Nc3 Nf6 7. Bd3 O-O 8. h3
Re8 9. O-O a6 10. a4 b6 11. Re1 Ra7 12. Bf4 Bf8 13. Qd2 Rae7 14. Rxe7 Bxe7 15.
Re1 Bf8 16. Rd1 Bd7 17. Ng5 g6 18. Nf3 Qc8 19. Bc4 Ne4 20. Nxe4 Rxe4 21. b3 b5
22. Bd3 Re8 23. axb5 axb5 24. c4 bxc4 25. bxc4 Bf5 26. Qc2 Bxd3 27. Qxd3 Nd7
28. Rb1 Qa6 29. Rb5 Nf6 30. Nd2 Nh5 31. Be3 Qa1+ 32. Rb1 Qe5 33. Nf3 Qe4 34.
Qxe4 Rxe4 35. Nd2 Re8 36. Rb6 f5 37. g3 Nxg3 38. fxg3 Rxe3 39. Kf2 Rc3 40. h4
Rc2 41. Ke1 Rc3 42. Ke2 Kf7 43. Rb7+ Kf6 44. Rxh7 Bg7 45. Kf2 Kf7 46. h5 Rc2
47. Ke2 gxh5 48. Kd1 Rxd2+ 49. Kxd2 Kg6 50. Rxg7+ Kxg7 51. Kc3 Kf6 52. Kd3 Kg5
53. Ke3 Kg4 54. Kf2 f4 55. Kg2 fxg3 56. Kg1 h4 57. Kg2 h3+ 58. Kg1 Kf4 59. Kf1
Ke4 60. Kg1 Kd4 61. Kf1 Kxc4 62. Kg1 Kxd5 63. Kf1 Ke4 64. Kg1 d5 65. Kf1 Kd3
66. Kg1 c4 67. Kf1 c3 68. Ke1 c2 0-1